| 000 | 01325nam a2200241Ia 4500 | ||
|---|---|---|---|
| 999 |
_c54573 _d54573 |
||
| 001 | 21639 | ||
| 003 | GE_BSU | ||
| 005 | 20211207181855.0 | ||
| 008 | 181216s ||||ge |||||||||||||| ||geo|| | ||
| 040 | _cGE_BSU | ||
| 041 | _ageo | ||
| 080 | _a811.353.1'35(075.8) ბ-29 | ||
| 100 |
_aბასილაია, ნიკანდრო _913209 |
||
| 245 |
_aსასვენი ნიშნების ხმარების წესები ქართულში : _bდამხმარე სახელმძღვანელო პედ. ინ-ტის სტუდენტთათვის / _c ნიკანდრო ბასილაია ; რედ. შ. ძიძიგური. |
||
| 264 |
_aთბილისი : _bგანათლება, _c1966. |
||
| 300 |
_a134 გვ. ; _c22 სმ. |
||
| 541 | _h0,88 თ. | ||
| 653 | _aდამხმარე სახელმძღვანელო პედაგოგიური ინსტიტუტის სტუდენტთათვის | ||
| 653 | _aსასვენი ნიშნების ხმარების წესები ქართულში | ||
| 653 | _aქართული ენა | ||
| 700 |
_aძიძიგური, შ. _eრედაქტორი _913210 |
||
| 942 |
_cBK _2udc |
||